The campus connection : (Record no. 5661)
[ view plain ]
| 000 -LEADER | |
|---|---|
| fixed length control field | 01095cam a2200313 a 4500 |
| 001 - CONTROL NUMBER | |
| control field | 184643 |
| 003 - CONTROL NUMBER IDENTIFIER | |
| control field | GBCCL |
| 005 - DATE AND TIME OF LATEST TRANSACTION | |
| control field | 20241126110547.0 |
| 008 - FIXED-LENGTH DATA ELEMENTS--GENERAL INFORMATION | |
| fixed length control field | 981029s1998 mou 000 0 eng d |
| 010 ## - | |
| -- | 98220283 |
| 020 ## - INTERNATIONAL STANDARD BOOK NUMBER | |
| International Standard Book Number | 0570053269 |
| 035 ## - SYSTEM CONTROL NUMBER | |
| System control number | (DLC) 98220283 |
| 035 ## - SYSTEM CONTROL NUMBER | |
| System control number | (OCoLC)40188881 |
| 040 ## - CATALOGING SOURCE | |
| Original cataloging agency | OMid |
| Transcribing agency | OMid |
| Modifying agency | DLC |
| 042 ## - | |
| -- | lccopycat |
| 050 00 - | |
| -- | LB3609 |
| -- | .C26 1998 |
| 082 ## - DEWEY DECIMAL CLASSIFICATION NUMBER | |
| Classification number | 268.433 |
| Item number | CAM |
| 245 04 - TITLE STATEMENT | |
| Title | The campus connection : |
| Remainder of title | newsletters for college students / |
| Statement of responsibility, etc. | by Mark Eiken ... [et al.] ; cartoons by Steve Edwards and Ed Koehler. |
| 260 ## - PUBLICATION, DISTRIBUTION, ETC. | |
| Place of publication, distribution, etc. | St. Louis, MO : |
| Name of publisher, distributor, etc. | Concordia Pub. House, |
| Date of publication, distribution, etc. | c1998. |
| 300 ## - PHYSICAL DESCRIPTION | |
| Extent | [80] p. : |
| Other physical details | ill. ; |
| Dimensions | 28 cm. |
| 650 #0 - SUBJECT ADDED ENTRY--TOPICAL TERM | |
| Topical term or geographic name entry element | Christian college students |
| General subdivision | Religious life. |
| 9 (RLIN) | 10216 |
| 650 #0 - SUBJECT ADDED ENTRY--TOPICAL TERM | |
| Topical term or geographic name entry element | Church work with youth. |
| 9 (RLIN) | 5463 |
| 700 1# - ADDED ENTRY--PERSONAL NAME | |
| Personal name | Eiken, Mark. |
| 9 (RLIN) | 10217 |
| 700 1# - ADDED ENTRY--PERSONAL NAME | |
| Personal name | Edwards, Steve. |
| 9 (RLIN) | 10218 |
| 700 1# - ADDED ENTRY--PERSONAL NAME | |
| Personal name | Koehler, Ed, |
| Dates associated with a name | 1955- |
| 9 (RLIN) | 10219 |
| 906 ## - LOCAL DATA ELEMENT F, LDF (RLIN) | |
| a | 7 |
| b | cbc |
| c | copycat |
| d | 3 |
| e | ncip |
| f | 19 |
| g | y-gencatlg |
| 942 ## - ADDED ENTRY ELEMENTS (KOHA) | |
| Source of classification or shelving scheme | Dewey Decimal Classification |
| Koha item type | Books |
| Withdrawn status | Lost status | Source of classification or shelving scheme | Damaged status | Not for loan | Home library | Current Library | Shelving location | Date acquired | Total checkouts | Full call number | Barcode | Date last seen | Copy number | Price effective from | Koha item type |
|---|---|---|---|---|---|---|---|---|---|---|---|---|---|---|---|
| Dewey Decimal Classification | GRACE BIBLE COLLEGE | GRACE BIBLE COLLEGE | Ministry & Mission | 2018-04-03 | 268.433 CAM | 007898 | 2025-05-01 | c.1 | 2018-04-03 | Books |